=LDR 00000nam 2200000 4500 =001 INLIS000000000043209 =005 20131008102455 =008 ***********************************Ind** =035 ##$$0010-101300000001131 =041 ##$$a Ind =082 ##$$a 355 =090 ##$$a 355, Dan V =100 ##$$a Danusaputra, Munadjat =245 ##$$a Vietnam dalam Perkembangan Astra Jaya, Prof.Mr.St Munadjat Danu Saputra, I cet =260 ##$$a 1983 $b Bandung =300 ##$$a XIV, 229 hlm., Ilus, 21 cm, =650 ##$$a Asia Tenggara- Pertahanan =850 ##$$a NBPNMAT